000
00302nam a2200109Ia 4500
001
1276695
005
20260417160452.0
008
260417s9999 xx 000 0 und d
020
_a
9786052857267
245
0
_a
Arkadaş Canlısı - İyi Düşün, Anton!
_c
Meike Haberstock
260
_b
Tudem Yayınları
999
_c
1276695
_d
1276695